|
|
|
|
| LEADER |
00665nab a2200157 i 4500 |
| 001 |
misc15539 |
| 005 |
20191106142424.0 |
| 008 |
170607s1932 hu o 0|| hun d |
| 040 |
|
|
|a SZTE Miscellanea Repozitórium
|b hun
|
| 041 |
|
|
|a hun
|
| 245 |
0 |
3 |
|a Az előzetesen befizetendő illeték után késedelmi kamat az előzetes befizetésre megszabott határidőtől kezdve jár
|h [elektronikus dokumentum]
|
| 260 |
|
|
|c 1932
|
| 300 |
|
|
|a 156-157t
|
| 490 |
0 |
|
|a Polgári jog : a hazai és külföldi magánjog és hiteljog szemléje
|v 8
|
| 695 |
|
|
|a Illeték késedelmi kamat számítása
|
| 856 |
4 |
0 |
|u http://misc.bibl.u-szeged.hu/15539/1/polgari_jog_1932_156-157t.pdf
|z Dokumentum-elérés
|